000 00340nam a2200121Ia 4500
008 150202s9999 xx 000 0 und d
050 _aFIC
_bFIC
100 _aSlaughter, Frank G.
245 _aEast side general /
_cFrank G. Slaughter.
260 _aNew York :
_bPocket Books,
_c1952.
300 _a262 pages :
_c18 cm.
650 _aFiction.
999 _c282414
_d282414